000 00419nam a2200169Ia 4500
001 31994
003 IN-NITTTR
005 20251114233426.0
008 251113s9999||||xx |||||||||||||| ||eng||
040 _beng
040 _cIN-NITTTR
041 _aeng
082 _a671.35 M11
100 _aDavim, J. Paulo
245 0 _aMachining and machine-tools :
_b research and development /
_cDavim, J. Paulo
942 _2ddc
_cBK
999 _c34624
_d34624